00363pab a2200145 454500008004000000100002600040245003900066260000900105300001400114362001000128650001900138650001300157700002700170773002000197180718b2012 xxu||||| |||| 00| 0 eng d aNanda, Gourang Charan aAccountability of college teachers c2012 ap.1-4,11. a9 Apr aAccountability aTeachers aMishra, Pradipta Kumar aUniversity News